Podpora malého a stredného podnikania v Slovenskej republike sprievodca iniciatívami

Salvato in:
Dettagli Bibliografici
Natura: Libro
Lingua:slovacco
Pubblicazione: Bratislava Národná agentúra pre rozvoj malého a stredného podnikania 2004
Soggetti:
Tags: Aggiungi Tag
Nessun Tag, puoi essere il primo ad aggiungerne!!

MARC

LEADER 00000nam$a2200000$$$4500
001 0025107
005 20240318125737.3
020 |a 80-88957-32-X 
041 0 |a slo 
044 |a SK 
245 1 0 |a Podpora malého a stredného podnikania v Slovenskej republike  |b sprievodca iniciatívami 
264 1 |a Bratislava  |b Národná agentúra pre rozvoj malého a stredného podnikania  |c 2004 
300 |a 342 s. 
610 2 0 |a podnikanie malé 
610 2 0 |a podnikanie stredné 
610 2 0 |a podpora podnikania 
610 2 0 |a financie 
610 2 0 |a projekty 
610 2 0 |a granty 
610 2 0 |a priemysel 
610 2 0 |a služby 
610 2 0 |a informácie 
610 2 0 |a poradenstvo 
610 2 0 |a vzdelávanie 
610 2 0 |a pomoc štátna 
610 2 0 |a orgány štátne 
610 2 0 |a ministerstvá 
610 2 0 |a inštitúcie verejnoprávne 
610 2 0 |a adresáre 
610 2 0 |a spolupráca hospodárska medzinárodná 
610 2 0 |a Európska únia 
610 2 0 |a Slovensko